00346 a2200109 4500001001000000005001700010008004100027245006900068100002400137773005800161999001700219ART_1130120260410161856.0260409a 10aLa inflación, el erróneo empleo del factor trabajo y el paro1 aHayek, Friedrich A.0 tRevista de Economíag- Nº 30 (sep. 1981)wREV11077 c25444d25444